[Event "HUN-chT2 9495"]
[Site "Hungary"]
[Date "1995.??.??"]
[Round "?"]
[White "Mathe, Gaspar"]
[Black "Mozes, Zoltan"]
[Result "0-1"]
[WhiteElo "2415"]
[BlackElo "2285"]
[PlyCount "73"]
[EventDate "1994.??.??"]
[EventType "team"]
[EventRounds "13"]
[EventCountry "HUN"]
[SourceTitle "EXT 1999"]
[Source "ChessBase"]
[SourceDate "1998.11.16"]
[SourceVersion "1"]
[SourceVersionDate "1998.11.16"]
[SourceQuality "1"]

1. e4 c5 2. Nf3 d6 3. Bc4 e6 4. Qe2 Nc6 5. c3 Qb6 6. d4 Nf6 7. e5 dxe5 8. dxe5 Nd5 9. 0-0 Be7 10. Nbd2 Nf4 11. Qe4 Ng6 12. Re1 Qc7 13. h4 h5 14. a3 a6 15. b4 b5 16. Ba2 c4 17. Bb1 Bb7 18. Qe3 Nxh4 19. Nxh4 Bxh4 20. Ne4 Be7 21. f4 Rd8 22. Qf2 Nb8 23. f5 Bd5 24. f6 gxf6 25. Nxf6+ Bxf6 26. Qxf6 Kd7 27. a4 Kc8 28. axb5 axb5 29. Bg5 Qb7 30. Re2 Rdg8 31. Rea2 h4 32. Kh2 Rh5 33. Ra7 Qc6 34. Bxh4 Rxg2+ 35. Kh3 Qb6 36. Qf4 Qg1 37. Bf5 0-1

[Event "HUN-chT2 9394"]
[Site "Hungary"]
[Date "1994.??.??"]
[Round "?"]
[White "Vincze, Istvan"]
[Black "Mozes, Zoltan"]
[Result "1-0"]
[WhiteElo "2330"]
[BlackElo "2270"]
[PlyCount "81"]
[EventDate "1993.??.??"]
[EventType "team"]
[EventRounds "13"]
[EventCountry "HUN"]
[SourceTitle "TD"]
[Source "ChessBase"]
[SourceDate "1994.03.01"]
[SourceVersion "1"]
[SourceVersionDate "1994.03.01"]
[SourceQuality "1"]

1. d4 Nf6 2. c4 e5 3. dxe5 Ng4 4. Bf4 Nc6 5. Nf3 Bb4+ 6. Nbd2 Qe7 7. e3 Ngxe5 8. Nxe5 Nxe5 9. Be2 0-0 10. 0-0 Ng6 11. Bg3 Bd6 12. Bxd6 Qxd6 13. Qc2 b6 14. Ne4 Qe7 15. Nc3 Bb7 16. Nd5 Qd8 17. Rfd1 d6 18. b4 a5 19. a3 axb4 20. axb4 Rxa1 21. Rxa1 b5 22. Qb3 bxc4 23. Bxc4 c6 24. Nc3 d5 25. Bf1 Ne5 26. Na4 Qh4 27. Qb2 Ng4 28. h3 Nf6 29. Nc5 Bc8 30. Ra7 Bf5 31. Rc7 Rb8 32. Qe5 Bg6 33. Rxc6 Re8 34. Qd4 Qg5 35. b5 Ne4 36. b6 Qe7 37. Rc7 Qd8 38. Na6 Nd6 39. b7 Nxb7 40. Rxb7 Qa5 41. Nc7 1-0

[Event "HUN-chT2 9293"]
[Site "Hungary"]
[Date "1993.??.??"]
[Round "?"]
[White "Mozes, Zoltan"]
[Black "Kozma, Karoly"]
[Result "1-0"]
[WhiteElo "2240"]
[BlackElo "2320"]
[PlyCount "109"]
[EventDate "1992.??.??"]
[EventType "team"]
[EventRounds "12"]
[EventCountry "HUN"]
[SourceTitle "TD"]
[Source "ChessBase"]
[SourceDate "1994.03.01"]
[SourceVersion "1"]
[SourceVersionDate "1994.03.01"]
[SourceQuality "1"]

1. e4 c5 2. Nf3 Nc6 3. d4 cxd4 4. Nxd4 Nf6 5. Nc3 d6 6. Be2 e5 7. Nb3 Be7 8. 0-0 0-0 9. f4 a5 10. Be3 a4 11. Nc1 a3 12. b3 exf4 13. Bxf4 Qb6+ 14. Kh1 Qd4 15. Qxd4 Nxd4 16. Bd3 Be6 17. N1e2 Nxe2 18. Nxe2 d5 19. Ng3 dxe4 20. Nxe4 Rfd8 21. Bg5 Nd5 22. Bxe7 Nxe7 23. Ng5 Ng6 24. Nxe6 fxe6 25. Rae1 Nf8 26. Re5 Rd5 27. Re3 Rd7 28. Kg1 g6 29. Rf4 Kg7 30. h3 Re7 31. Rb4 e5 32. Be4 Ra7 33. Bd5 h6 34. c4 Nh7 35. Rb5 Nf6 36. Kf2 Nxd5 37. Rxd5 Kf6 38. Kf3 Ra6 39. Ke4 Rae6 40. b4 Ra6 41. Rf3+ Kg7 42. Rxe5 Rc7 43. Kd4 Rd6+ 44. Rd5 Rf6 45. Rxf6 Kxf6 46. Ra5 Rd7+ 47. Kc5 Rd2 48. Rxa3 Rxg2 49. Kb6 g5 50. c5 h5 51. Kxb7 Rb2 52. Rf3+ Ke5 53. a3 g4 54. hxg4 hxg4 55. Rc3 1-0

[Event "HUN-chT"]
[Site "Hungary"]
[Date "1991.??.??"]
[Round "?"]
[White "Mozes, Zoltan"]
[Black "Magyar, Otto"]
[Result "0-1"]
[WhiteElo "2230"]
[BlackElo "2240"]
[PlyCount "102"]
[EventDate "1991.??.??"]
[EventType "team"]
[EventRounds "9"]
[EventCountry "HUN"]
[SourceTitle "TD"]
[Source "ChessBase"]
[SourceDate "1994.03.01"]
[SourceVersion "1"]
[SourceVersionDate "1994.03.01"]
[SourceQuality "1"]

1. e4 c5 2. Nf3 Nc6 3. d4 cxd4 4. Nxd4 Nf6 5. Nc3 d6 6. Be2 g6 7. Be3 Bg7 8. 0-0 0-0 9. Kh1 Bd7 10. f4 Rc8 11. Nb3 a6 12. Bf3 b5 13. a3 Qc7 14. Qd2 Nb8 15. Nd4 Nc6 16. Nb3 Nb8 17. Rac1 Be6 18. Nd5 Bxd5 19. exd5 Nbd7 20. Rfe1 Rfe8 21. Qf2 Kf8 22. Nd2 Qb7 23. b3 Rc7 24. c4 bxc4 25. bxc4 Nc5 26. Bxc5 Rxc5 27. Rb1 Qc8 28. Rb6 Nd7 29. Rb3 Rc7 30. Qh4 Nc5 31. Rbe3 Qf5 32. Ne4 Nxe4 33. Rxe4 h5 34. Qf2 Bf6 35. Qe2 Qc8 36. g4 hxg4 37. Bxg4 Qb7 38. f5 g5 39. Qg2 Kg7 40. h4 Rh8 41. Bh3 Qb2 42. hxg5 Qxg2+ 43. Kxg2 Bxg5 44. Rb1 Kf6 45. Rb6 Rhc8 46. Rxa6 Rxc4 47. Rxc4 Rxc4 48. Kf3 Ke5 49. Ra5 Bf6 50. Bg4 Bh4 51. Bh5 Rf4+ 0-1